| 000 | 01203cam a2200265 4500 | ||
|---|---|---|---|
| 008 | 000000n2001 000 0 eng u | ||
| 035 | _a(Sirsi) u113335 | ||
| 100 | _aIsidore, L. | ||
| 245 | _aIntegrated probabilistic schedules and estimates from project simulated data | ||
| 260 | _c2001 | ||
| 490 |
_aConstruction Management and Economics _v19(4) July 2001, 417-426(10) |
||
| 520 | _aSuggests that the risks associated with construction projects can be better quantified by integrating range estimating and probabilistic scheduling, also known as probabilistic estimating and stochastic scheduling, using the empirical cumulative density function technique (ECDF), a graphically based technique which does not require assumptions about the underlying data distributions. Tables, diagrams, references. | ||
| 650 | _aCONSTRUCTION PROJECTS | ||
| 650 | _aMONTE CARLO SIMULATION | ||
| 650 | _aPROBABILISTIC MODELLING | ||
| 650 | _aPROBABILITY MODELS | ||
| 650 | _aRISK ANALYSIS | ||
| 650 | _aRISK ASSESSMENT MODEL | ||
| 650 | _aRISK ESTIMATION | ||
| 650 | _aRISK MANAGEMENT | ||
| 690 | _aBUILDING AND CONSTRUCTION-MANAGEMENT | ||
| 700 | _aBack, E. | ||
| 700 | _aFry, G. | ||
| 942 | _n0 | ||
| 999 |
_c67516 _d67516 |
||